| 000 | 00698nam a2200193Ia 4500 | ||
|---|---|---|---|
| 008 | 200824s9999||||xx |||||||||||||| ||und|| | ||
| 020 | _a0764423061 | ||
| 020 | _a9780764423062 | ||
| 041 | _aeng | ||
| 050 |
_aBV600.2 _b.M39 2001 |
||
| 100 | _aMcManus, Erwin Raphael | ||
| 245 | 3 |
_aAn unstoppable force: _bdaring to become the church God had in mind / by Erwin Raphael McManus. / _cErwin Raphael McManus |
|
| 260 |
_aLoveland, Colo. : _bGroup _c2001 |
||
| 300 |
_a224 p. : _bcolor ill. ; _c24 cm. |
||
| 650 | _aChristianity -- History -- Primitive and early church, ca.30-600. | ||
| 650 | _aChurch history -- Primitive and early church, ca.30-600. | ||
| 650 | _aChurch renewal. | ||
| 999 |
_c16574 _d16574 |
||